Sedm chyb při snižování nákladů

Program znižovania nákladov - odporúča sa tzv. inteligentné znižovanie nákladov, založené na fundovanej analýze kľúčových faktorov rastu. 7 rozhodujúcich chýb pri zavádzaní programu znižovania nákladov do praxe.

Salvato in:
Dettagli Bibliografici
Natura: Capitolo di libro
Lingua:ceco
Soggetti:
Tags: Aggiungi Tag
Nessun Tag, puoi essere il primo ad aggiungerne!!

MARC

LEADER 00000naa a2200000 4500
001 r015738
005 20221213082541.5
041 0 |a cze 
044 |a CZ 
245 1 0 |a Sedm chyb při snižování nákladů 
520 |a Program znižovania nákladov - odporúča sa tzv. inteligentné znižovanie nákladov, založené na fundovanej analýze kľúčových faktorov rastu. 7 rozhodujúcich chýb pri zavádzaní programu znižovania nákladov do praxe. 
610 2 0 |a náklady 
610 2 0 |a znižovanie nákladov 
610 2 0 |a manažment 
610 2 0 |a analýza nákladov 
610 2 0 |a náklady vlastné